While memory serves: (Record no. 18496)
[ view plain ]
| 000 -LEADER | |
|---|---|
| fixed length control field | 00787cam a22002531 4500 |
| 001 - CONTROL NUMBER | |
| control field | 8368297 |
| 003 - CONTROL NUMBER IDENTIFIER | |
| control field | BDDh-ASL |
| 005 - DATE AND TIME OF LATEST TRANSACTION | |
| control field | 20231015025718.0 |
| 008 - FIXED-LENGTH DATA ELEMENTS--GENERAL INFORMATION | |
| fixed length control field | 720619s1950 en 000 0 eng |
| 010 ## - LIBRARY OF CONGRESS CONTROL NUMBER | |
| LC control number | 51002657 |
| 015 ## - NATIONAL BIBLIOGRAPHY NUMBER | |
| National bibliography number | GB50-9369 |
| 035 ## - SYSTEM CONTROL NUMBER | |
| System control number | (OCoLC)336305 |
| 040 ## - CATALOGING SOURCE | |
| Original cataloging agency | DLC |
| Transcribing agency | OWoC |
| Modifying agency | BDDh-ASL |
| -- | DLC |
| 042 ## - AUTHENTICATION CODE | |
| Authentication code | premarc |
| 050 00 - LIBRARY OF CONGRESS CALL NUMBER | |
| Classification number | DS480.83 |
| Item number | .T8 |
| 082 ## - DEWEY DECIMAL CLASSIFICATION NUMBER | |
| Classification number | 950 |
| Item number | TUW |
| 100 1# - MAIN ENTRY--PERSONAL NAME | |
| Personal name | Tuker, Sir Francis Ivan Simms, |
| Dates associated with a name | 1894- |
| 245 10 - TITLE STATEMENT | |
| Title | While memory serves: |
| Remainder of title | [the last two years of British rule in India]/ |
| Statement of responsibility, etc. | by Sir Francis Tuker. |
| 260 ## - PUBLICATION, DISTRIBUTION, ETC. | |
| Place of publication, distribution, etc. | London: |
| Name of publisher, distributor, etc. | Cassell, |
| Date of publication, distribution, etc. | [1950] |
| 300 ## - PHYSICAL DESCRIPTION | |
| Extent | xiv, 668 p. : |
| Other physical details | illus., port., maps (part fold.) |
| Dimensions | 22 cm. |
| 651 #0 - SUBJECT ADDED ENTRY--GEOGRAPHIC NAME | |
| Geographic name | India |
| General subdivision | History |
| Chronological subdivision | 20th century. |
| 906 ## - LOCAL DATA ELEMENT F, LDF (RLIN) | |
| a | 7 |
| b | cbc |
| c | oclcrpl |
| d | u |
| e | ncip |
| f | 19 |
| g | y-gencatlg |
| 942 ## - ADDED ENTRY ELEMENTS (KOHA) | |
| Source of classification or shelving scheme | Dewey Decimal Classification |
| Koha item type | Books |
| Withdrawn status | Lost status | Source of classification or shelving scheme | Damaged status | Not for loan | Collection code | Home library | Current library | Shelving location | Date acquired | Source of acquisition | Total Checkouts | Full call number | Barcode | Date last seen | Copy number | Price effective from | Koha item type | Public note |
|---|---|---|---|---|---|---|---|---|---|---|---|---|---|---|---|---|---|---|
| Dewey Decimal Classification | Not For Loan | Non-fiction | Asiatic Society Library | Asiatic Society Library | Harrison Collection | 10/12/2020 | Donated by Prof. John B. Harrison | 950 TUW | 101688 | 10/12/2020 | C-1 | 10/12/2020 | Books | RARE | ||||
| Dewey Decimal Classification | Non-fiction | Asiatic Society Library | Asiatic Society Library | Sirajul Islam Collection | 12/03/2020 | Donated by Professor Sirajul Islam, FRHS | 950 TUW | 102817 | 12/03/2020 | C-2 | 12/03/2020 | Books | RARE |